Normal view
MARC view
- Lt Col Malik Azhar
Entry Personal Name
001 - CONTROL NUMBER
- control field: 47957
003 - CONTROL NUMBER IDENTIFIER
- control field: NUST
005 - DATE AND TIME OF LATEST TRANSACTION
- control field: 20210314133935.0
008 - FIXED-LENGTH DATA ELEMENTS
- fixed length control field: 210314|| aca||aabn | a|a d
040 ## - CATALOGING SOURCE
- Original cataloging agency: NUST
- Transcribing agency: NUST
100 ## - HEADING--PERSONAL NAME
- Personal name: Lt Col Malik Azhar
670 ## - SOURCE DATA FOUND
- Source citation: Work cat.: (NUST): CSUO M. Yasir 47956, To develope GIS for CIVIL/MILITARY purposes , 21.04.2004
